000 00649nam a2200193Ii 4500
003 JO-AjNU
008 230605s9999||||xx |||||||||||||| ||und||
040 _aJO-AjNU
_bara
_erda
_cJO-AjNU
041 _aara
050 1 4 _aN7433.95.K4254 1991
100 3 _aصفيّة ,خليل تأليف,
_eauthor
_97674
245 0 0 _aأدهم إسماعيل قراءة في ثلاثة أبعاد
264 3 1 _aالمؤلف:د.ن,1991
300 _a243ص
336 _atext
_btxt
_2rdacontent
337 _aunmediated
_bn
_2rdamedia
338 _avolume
_bnc
_2rdacarrier
650 4 _aقراءة في ثلاثة أبعاد- أعلام الفن التشكيلي
_97675
999 _aA400
_c3968
_d3968